Les meilleurs buteurs de l'histoire du Brésil - Statistiques

Statistiques générales
  • Ce quiz a été pris 143 fois
  • Le résultat moyen est 6 sur 11
Statistiques - réponses
Rang Période Buts Sélection Réponse % Correct
1 1957-1971 77 92 Pelé
99%
2 2010- 75 121 Neymar
97%
3 1994-2011 62 98 Ronaldo
95%
9 1999-2013 33 97 Ronaldinho
87%
7 1993-2003 34 75 Rivaldo
73%
4 1987-2005 55 70 Romario
62%
5 1976-1989 48 71 Zico
46%
6 1985-1998 39 75 Bebeto
34%
8 1964-1982 33 81 Jairzinho
31%
11 1966-1972 32 54 Tostão
5%
10 1945-1953 32 39 Ademir
3%
Aucun quiz correspondant
Distribution des résultats
% des personnes avec chaque résultat
Percentile par nombre de réponses
Votre historique - résultats
Vous n’avez pas pris ce quiz